00677cam a22002174a 450000100060000000300090000600500170001500800410003202000180007302000150009104000280010608200190013410000160015324500800016925000170024926000600026630000480032650400510037465000180042570000160044312263BD-DhUAP20200308125842.0200308t20082000ii a b 001 0 eng  a9780074636312 a0074636316 aDLCcDLCbEngdBD-DhUAP 223a621.47 GAR aGarg, H. P.10aSolar energy :bfundamentals and applications /cH. P. Garg and J. Prakash. a1st rev. ed. aNew Delhi :bTata McGraw Hill,cc2000 [Reprinted 2008]. axviii, 434 pages :billustrations ;c25 cm. aIncludes bibliographical references and index. aSolar energy. aPrakash, J.